[Event "L. Polugaevsky Memorial 2012"]
[Site "Samara"]
[Date "2012.07.09"]
[Round "5.26"]
[White "Palachev, Petr"]
[Black "Afanasiev, Dmitry"]
[Result "1-0"]
[WhiteElo "2287"]
[BlackElo "2068"]
[PlyCount "81"]
[EventDate "2012.07.05"]

1. c4 Nf6 2. Nc3 e6 3. Nf3 d5 4. d4 Nbd7 5. Bf4 dxc4 6. e4 Bb4 7. e5 Nd5 8. Bd2
Bxc3 9. bxc3 N7b6 10. Ng5 Bd7 11. Qh5 Qe7 12. Be2 h6 13. Ne4 O-O-O 14. Nc5 Bc6
15. O-O g5 16. a4 a5 17. Rfe1 Rdg8 18. Bf1 Nf4 19. Qd1 h5 20. Ne4 Nfd5 21. Qc1
g4 22. Bg5 Qf8 23. Bh4 Rg6 24. Qd2 Ne7 25. Rab1 Nf5 26. Bf6 Rhg8 27. Qa2 h4 28.
Bxc4 g3 29. fxg3 Nxc4 30. Qxc4 h3 31. gxh3 Bxe4 32. Rxe4 Nxg3 33. Rg4 Qh6 34.
hxg3 Rxg4 35. hxg4 Qe3+ 36. Kh2 Qf2+ 37. Kh3 Rxg4 38. Bh4 Re4 39. Qf1 Qd2 40.
Qf3 Re2 41. Qxf7 1-0

[Event "L. Polugaevsky Memorial 2012"]
[Site "Samara"]
[Date "2012.07.09"]
[Round "5.28"]
[White "Gusarov, Aleksey"]
[Black "Popov, Alexey"]
[Result "1-0"]
[WhiteElo "1877"]
[BlackElo "2229"]
[PlyCount "135"]
[EventDate "2012.07.05"]

1. e4 d5 2. exd5 Nf6 3. c4 e6 4. dxe6 Bxe6 5. d4 Bb4+ 6. Bd2 Bxd2+ 7. Qxd2 Qe7
8. Qe3 Nc6 9. Be2 Qb4+ 10. Nc3 O-O-O 11. d5 Rhe8 12. dxc6 Kb8 13. a3 Qb3 14.
Nb5 Qa4 15. b3 Qa5+ 16. Qc3 Qb6 17. Qe3 Qxc6 18. Qxa7+ Kc8 19. Kf1 Ne4 20. Nf3
b6 21. Ne5 Nd2+ 22. Kg1 Qb7 23. Qxb7+ Kxb7 24. Bf3+ Nxf3+ 25. Nxf3 Rd3 26. h3
Rxb3 27. Nbd4 Rc3 28. Nxe6 Rxe6 29. Kh2 Rxc4 30. Rhd1 Re2 31. Kg3 Rcc2 32. Ne1
Rc3+ 33. Nf3 Rcc2 34. Nd4 Rc3+ 35. f3 Re5 36. Re1 Rxe1 37. Rxe1 Rxa3 38. Re7
Rc3 39. Rxf7 Ka6 40. Rxg7 b5 41. Rxh7 b4 42. h4 c5 43. Rh6+ Kb7 44. Nb5 Rc1 45.
Re6 b3 46. Na3 b2 47. Re2 b1=Q 48. Nxb1 Rxb1 49. Kf4 Rh1 50. Kg5 Kc6 51. g4 Kd5
52. f4 Kd4 53. h5 Kd3 54. Re8 c4 55. Kg6 Rf1 56. f5 c3 57. f6 Rf4 58. f7 c2 59.
Rc8 Rxg4+ 60. Kf5 Rg1 61. h6 Rf1+ 62. Kg6 Rg1+ 63. Kh5 Rf1 64. h7 Rh1+ 65. Kg4
Rg1+ 66. Kh3 c1=Q 67. Rxc1 Rxc1 68. f8=Q 1-0

[Event "L. Polugaevsky Memorial 2012"]
[Site "Samara"]
[Date "2012.07.09"]
[Round "5.29"]
[White "Khanin, Semen"]
[Black "Sinyanskiy, Maxim"]
[Result "1-0"]
[WhiteElo "2221"]
[BlackElo "1753"]
[PlyCount "115"]
[EventDate "2012.07.05"]

1. e4 d5 2. exd5 Qxd5 3. Nc3 Qa5 4. d4 Nf6 5. Nf3 Bf5 6. Bc4 e6 7. Bd2 c6 8.
Nd5 Qd8 9. Nxf6+ Qxf6 10. Qe2 Qd8 11. O-O-O Be7 12. h3 Nd7 13. g4 Bg6 14. h4 h5
15. Ng5 Nf8 16. Rhe1 Qd6 17. gxh5 Bxh5 18. f3 O-O-O 19. Be3 b6 20. Qg2 Bg6 21.
Bd3 Bxg5 22. Qxg5 Bxd3 23. Rxd3 g6 24. Qf6 Rh7 25. Bg5 Re8 26. Qe5 Qc7 27. Qe4
f5 28. Qe3 Rd7 29. Bh6 Nh7 30. Rg1 e5 31. Rxg6 Rdd8 32. Rxc6 Qxc6 33. Rc3 Qxc3
34. Qxc3+ Kb7 35. dxe5 Nf8 36. Bg5 Rc8 37. Qe3 Rc5 38. f4 Ne6 39. Qd3 Ng7 40.
Bf6 Rc7 41. Qd5+ Ka6 42. Qd3+ Kb7 43. b3 Rf8 44. Qd5+ Ka6 45. Qd6 Rfc8 46. Qd3+
Kb7 47. Bxg7 Rxg7 48. Qxf5 Re8 49. h5 Rh8 50. e6 Rh6 51. Qe4+ Ka6 52. e7 Rxh5
53. e8=Q Rc5 54. Q8a4+ Ra5 55. Qac4+ Rb5 56. Qxb5+ Kxb5 57. Qc4+ Ka5 58. Qa4#
1-0

[Event "L. Polugaevsky Memorial 2012"]
[Site "Samara"]
[Date "2012.07.09"]
[Round "5.31"]
[White "Elistratov, Semen"]
[Black "Travkina, Anastasia"]
[Result "0-1"]
[WhiteElo "1985"]
[BlackElo "2169"]
[PlyCount "112"]
[EventDate "2012.07.05"]

1. e4 c5 2. Nf3 d6 3. d4 cxd4 4. Nxd4 Nf6 5. Nc3 g6 6. Be3 Bg7 7. f3 Nc6 8. Qd2
O-O 9. O-O-O d5 10. Qe1 e5 11. Nxc6 bxc6 12. exd5 Nxd5 13. Bc4 Be6 14. Bc5 Qc7
15. Ne4 Rfd8 16. Qh4 h6 17. g4 Qa5 18. Ba3 Rab8 19. Bb3 Nf4 20. Rxd8+ Qxd8 21.
Qxd8+ Rxd8 22. Bxe6 Nxe6 23. c3 Rd3 24. Rf1 Nf4 25. Bc5 a6 26. Kc2 Rd5 27. b4
f6 28. a4 Kf7 29. c4 Rd8 30. Rb1 f5 31. gxf5 gxf5 32. Bb6 Rd3 33. Nc5 Rxf3 34.
Nxa6 e4 35. Nc7 Rc3+ 36. Kd1 Rd3+ 37. Kc2 Rc3+ 38. Kd1 Rd3+ 39. Kc2 e3 40. a5
Rc3+ 41. Kd1 e2+ 42. Kd2 Rd3+ 43. Kc2 Rf3 44. a6 Rf1 45. Bf2 Rxf2 46. Re1 Rf1
47. Rxe2 Nxe2 48. a7 Ra1 49. a8=Q Rxa8 50. Nxa8 Ke6 51. Kd3 Nf4+ 52. Ke3 Ng6
53. Nb6 Bc3 54. b5 cxb5 55. cxb5 Kd6 56. Kf3 Bd4 0-1

[Event "L. Polugaevsky Memorial 2012"]
[Site "Samara"]
[Date "2012.07.09"]
[Round "5.32"]
[White "Alieva, Alexandra"]
[Black "Sviridova, Vlada"]
[Result "0-1"]
[WhiteElo "1975"]
[BlackElo "2115"]
[PlyCount "60"]
[EventDate "2012.07.05"]

1. e4 e6 2. d4 d5 3. Nd2 Nf6 4. Bd3 c5 5. c3 Nc6 6. Ngf3 cxd4 7. cxd4 Qb6 8.
O-O Be7 9. Re1 O-O 10. e5 Ne8 11. Nf1 f5 12. exf6 Nxf6 13. a3 Bd7 14. Bb1 Bd6
15. Qd3 Rae8 16. Bg5 Re7 17. b4 Be8 18. Bxf6 Bg6 19. Qd2 Rxf6 20. Ne3 Rxf3 21.
gxf3 Nxd4 22. Qd1 Rf7 23. Bxg6 hxg6 24. Kh1 Nxf3 25. Re2 d4 26. Ng2 Bxh2 27.
Qb3 Qb5 28. Rxe6 Qh5 29. Re8+ Kh7 30. Qxf7 Bg1+ 0-1

[Event "L. Polugaevsky Memorial 2012"]
[Site "Samara"]
[Date "2012.07.09"]
[Round "5.33"]
[White "Yandarbiev, Ruslan"]
[Black "Idrisova, Roza"]
[Result "1-0"]
[WhiteElo "2375"]
[BlackElo "2101"]
[PlyCount "51"]
[EventDate "2012.07.05"]

1. e4 c6 2. d4 d5 3. e5 c5 4. dxc5 e6 5. a3 Bxc5 6. Qg4 Bf8 7. Bd3 Nc6 8. Nf3
f5 9. Qg3 Qc7 10. O-O Nh6 11. Re1 g6 12. Bf4 Bg7 13. c4 dxc4 14. Bxc4 O-O 15.
Ba2 Bd7 16. Nc3 Na5 17. Rac1 Nc6 18. Ng5 Rae8 19. Qh4 Qb6 20. Na4 Qc7 21. Nc5
Qc8 22. b4 a6 23. Red1 Nb8 24. Ncxe6 Bc6 25. Nxf8+ Kxf8 26. Nxh7# 1-0

[Event "L. Polugaevsky Memorial 2012"]
[Site "Samara"]
[Date "2012.07.09"]
[Round "5.34"]
[White "Popelyshev, Igor V"]
[Black "Purygin, Andrei"]
[Result "0-1"]
[WhiteElo "2095"]
[BlackElo "2249"]
[PlyCount "78"]
[EventDate "2012.07.05"]

1. e4 c5 2. Nf3 d6 3. Bb5+ Nd7 4. O-O Ngf6 5. Re1 g6 6. a4 Bg7 7. d3 O-O 8. Nc3
Ng4 9. h3 Nge5 10. Nxe5 Nxe5 11. f4 Nc6 12. Be3 Nd4 13. Bc4 e6 14. Qd2 b6 15.
Nd1 d5 16. Ba2 Bb7 17. c3 Nc6 18. exd5 exd5 19. d4 c4 20. Nf2 Qd7 21. Bb1 f5
22. Bc2 Nd8 23. b4 Nf7 24. Nh1 Nd6 25. Bf2 a5 26. b5 Bh6 27. Bh4 Ne4 28. Bxe4
dxe4 29. Qe3 Qd6 30. Rf1 Kh8 31. Be1 g5 32. g3 Rg8 33. Kh2 Rg6 34. Bd2 Rag8 35.
Rg1 Qc7 36. Qf2 e3 37. Bxe3 gxf4 38. Bc1 fxg3+ 39. Nxg3 f4 0-1

[Event "L. Polugaevsky Memorial 2012"]
[Site "Samara"]
[Date "2012.07.09"]
[Round "5.35"]
[White "Gusev, Boris A"]
[Black "Liberman, Evgeny"]
[Result "0-1"]
[WhiteElo "1956"]
[BlackElo "2213"]
[PlyCount "68"]
[EventDate "2012.07.05"]

1. d4 Nf6 2. Bg5 d6 3. Nc3 Nbd7 4. Nf3 c6 5. e3 e5 6. dxe5 dxe5 7. Bc4 Be7 8.
Bxf6 Bxf6 9. Ne4 O-O 10. Nxf6+ Qxf6 11. O-O e4 12. Nd4 Ne5 13. Be2 Rd8 14. Qe1
c5 15. f4 cxd4 16. fxe5 Qxe5 17. Bc4 Be6 18. Bxe6 Qxe6 19. exd4 Rxd4 20. Qe3
Rad8 21. Rae1 f5 22. Rf2 Rd1 23. Rff1 Rxe1 24. Rxe1 Qxa2 25. Qc5 Qd5 26. Qc7
Rf8 27. h3 f4 28. Kh2 f3 29. Rf1 Qd2 30. Qc4+ Kh8 31. Rg1 f2 32. Rf1 e3 33. Qc5
Rd8 34. Qg5 Qd6+ 0-1

[Event "L. Polugaevsky Memorial 2012"]
[Site "Samara"]
[Date "2012.07.09"]
[Round "5.36"]
[White "Kabanova, Ekaterina"]
[Black "Rotmistrov, Aleksandr"]
[Result "1/2-1/2"]
[WhiteElo "2164"]
[BlackElo "1835"]
[PlyCount "88"]
[EventDate "2012.07.05"]

1. c4 Nf6 2. Nf3 g6 3. Nc3 Bg7 4. e3 O-O 5. Be2 c5 6. O-O Nc6 7. a3 b6 8. Rb1
d5 9. cxd5 Nxd5 10. Qc2 Bb7 11. b3 Qd7 12. Bb2 e5 13. Rbc1 Rac8 14. Qb1 Rfd8
15. h3 Nc7 16. Ne4 Ne6 17. Bc3 Qe7 18. d3 a5 19. Bb2 f5 20. Ned2 Ng5 21. Nxg5
Qxg5 22. Nf3 Qe7 23. Qc2 Ba6 24. Rfe1 Qd6 25. Rcd1 Rc7 26. d4 Bxe2 27. Qxe2
cxd4 28. exd4 Nxd4 29. Bxd4 exd4 30. Ng5 d3 31. Qe6+ Qxe6 32. Nxe6 d2 33. Rf1
Rcd7 34. Nxd8 Rxd8 35. Rb1 Bf8 36. a4 Bb4 37. f4 Bc5+ 38. Kh2 Re8 39. Rbd1 Bb4
40. Kg3 Re3+ 41. Rf3 Re1 42. Rf1 Kf7 43. Kf3 Ke6 44. g4 Ke7 1/2-1/2

[Event "L. Polugaevsky Memorial 2012"]
[Site "Samara"]
[Date "2012.07.09"]
[Round "5.37"]
[White "Shaydullina, Sandugach"]
[Black "Semenova, Alena"]
[Result "1-0"]
[WhiteElo "2160"]
[BlackElo "1957"]
[PlyCount "177"]
[EventDate "2012.07.05"]

1. c4 e5 2. Nc3 Bb4 3. g3 Nf6 4. Bg2 O-O 5. e3 Bxc3 6. bxc3 Nc6 7. d4 exd4 8.
cxd4 d5 9. cxd5 Nxd5 10. Ne2 Re8 11. e4 Nb6 12. O-O Qe7 13. Rb1 Bg4 14. f3 Bd7
15. Nc3 Rad8 16. Kh1 Bc8 17. d5 Ne5 18. Nb5 a6 19. Ba3 Qd7 20. Na7 Nbc4 21. Bc1
c6 22. f4 Ng4 23. Qd4 b5 24. Qc5 cxd5 25. Nxc8 Rxc8 26. Qxd5 Qxd5 27. exd5 Rcd8
28. Bf3 Nge3 29. Bxe3 Rxe3 30. Rf2 Rxf3 31. Rxf3 Nd2 32. Rd1 Nxf3 33. Kg2 Nh4+
34. gxh4 Kf8 35. Kf3 Ke7 36. Ke4 Rc8 37. Rd2 Kd6 38. h5 Rc4+ 39. Kf5 Rc5 40. h6
gxh6 41. Kf6 Rxd5 42. Rf2 Kd7 43. f5 Ke8 44. Kg7 Re5 45. Kxh6 Ke7 46. Kg7 h5
47. Rf4 a5 48. h4 Re2 49. a4 b4 50. Rc4 Rg2+ 51. Kh6 Rg4 52. Rc7+ Kf6 53. Kxh5
Rf4 54. Rc6+ Ke5 55. Rc5+ Ke4 56. Kg5 Rf1 57. Rxa5 b3 58. Rb5 b2 59. Rxb2 Rxf5+
60. Kg4 Rf4+ 61. Kg3 Rf3+ 62. Kg2 Ra3 63. Rb4+ Kf5 64. Kf2 Kg6 65. Rf4 f5 66.
Ke2 Kf6 67. Rb4 Ke5 68. Kf2 f4 69. h5 Kf5 70. h6 Rh3 71. Rb6 Kg4 72. a5 Rf3+
73. Ke2 Re3+ 74. Kd2 Re8 75. h7 Rh8 76. Rb7 Kg3 77. Ke1 Kg2 78. Rg7+ Kf3 79. a6
Re8+ 80. Kd2 Rd8+ 81. Kc3 Rh8 82. a7 Kf2 83. Rg8 Rxh7 84. a8=Q Rh3+ 85. Kd4 Rg3
86. Qa2+ Kf3 87. Qb3+ Kg2 88. Qc2+ Kf3 89. Qe4+ 1-0

[Event "L. Polugaevsky Memorial 2012"]
[Site "Samara"]
[Date "2012.07.09"]
[Round "5.39"]
[White "Korovin, Mikhail"]
[Black "Bobrov, Vitaly"]
[Result "0-1"]
[WhiteElo "2110"]
[BlackElo "1925"]
[PlyCount "90"]
[EventDate "2012.07.05"]

1. d4 d5 2. Nf3 Nf6 3. c4 e6 4. e3 Nbd7 5. Bd3 dxc4 6. Bxc4 a6 7. O-O b5 8. Bb3
Bb7 9. Nc3 Be7 10. Qe2 c5 11. Rd1 Qc7 12. Bd2 O-O 13. Rac1 Qb6 14. Bc2 Rac8 15.
Bb1 Rfd8 16. a3 cxd4 17. exd4 Bxf3 18. Qxf3 Qxd4 19. Be3 Qh4 20. h3 Nc5 21.
Rxd8+ Rxd8 22. Nxb5 axb5 23. Bxc5 Bxc5 24. Rxc5 b4 25. Qd3 Nd5 26. Rc4 Qh6 27.
Rxb4 Qc1+ 28. Kh2 Qc7+ 29. g3 Nxb4 30. Qxh7+ Kf8 31. Qh8+ Ke7 32. Qh4+ Kf8 33.
Qxb4+ Qd6 34. Qc3 Qd2 35. Qc5+ Qd6 36. Qc3 Qd4 37. Qc2 Qd2 38. Qc5+ Qd6 39. Qa5
Qd4 40. Kg1 Ke7 41. Qg5+ Ke8 42. Bc2 Rd5 43. Qc1 Ke7 44. Qb1 Qd2 45. b4 Re5 0-1

[Event "L. Polugaevsky Memorial 2012"]
[Site "Samara"]
[Date "2012.07.09"]
[Round "5.40"]
[White "Mirzaev, Aziz"]
[Black "Orekhov, Vladislav"]
[Result "1-0"]
[WhiteElo "2154"]
[BlackElo "1792"]
[PlyCount "87"]
[EventDate "2012.07.05"]

1. c4 Nf6 2. g3 g6 3. Bg2 c6 4. b3 Bg7 5. Bb2 O-O 6. Nf3 d5 7. O-O Bg4 8. d3
Qc8 9. Re1 Bh3 10. Bh1 dxc4 11. bxc4 Rd8 12. Qc1 Nbd7 13. Nbd2 Qc7 14. Bc3 Re8
15. Ng5 Bg4 16. Bg2 h6 17. Ngf3 c5 18. h3 Bxf3 19. Bxf3 Rad8 20. Qb2 b6 21. a4
h5 22. h4 Bh6 23. a5 e5 24. axb6 axb6 25. Ne4 Nxe4 26. Bxe4 f5 27. Bd5+ Kf8 28.
Ra6 e4 29. dxe4 fxe4 30. Bh8 e3 31. f4 Qd6 32. Ra7 Re7 33. Rf1 Bg7 34. Bxg7+
Rxg7 35. Qe5 Nf6 36. Ra8 Rgd7 37. Be6 Rxa8 38. Qxf6+ Ke8 39. Qxg6+ Kd8 40. Qg8+
Kc7 41. Qxa8 Qxe6 42. Ra1 Qxc4 43. Ra7+ Kd6 44. Qf8+ 1-0

[Event "L. Polugaevsky Memorial 2012"]
[Site "Samara"]
[Date "2012.07.09"]
[Round "5.41"]
[White "Zernov, Egor"]
[Black "Bykova, Anastasia"]
[Result "0-1"]
[WhiteElo "1498"]
[BlackElo "2005"]
[PlyCount "64"]
[EventDate "2012.07.05"]

1. e4 e6 2. d3 d5 3. Nd2 Nf6 4. Ngf3 b6 5. g3 dxe4 6. dxe4 Bb7 7. e5 Ng4 8. Bg2
Nxe5 9. Nxe5 Bxg2 10. Rg1 Bb7 11. b3 Qd4 12. Nxf7 Kxf7 13. Rb1 Qe5+ 14. Kf1 Bc5
15. Bb2 Qf5 16. Qe1 Nd7 17. Rd1 Qxc2 18. Nc4 Nf6 19. Bxf6 gxf6 20. Rd7+ Be7 21.
Rxc7 Rhd8 22. Nd6+ Rxd6 23. Rxc2 Bf3 24. Rd2 Rxd2 25. Qxd2 Rd8 26. Qxd8 Bxd8
27. Ke1 b5 28. Kd2 Bb6 29. Rc1 Kg6 30. Kc3 a5 31. a4 b4+ 32. Kc4 Be2# 0-1

[Event "L. Polugaevsky Memorial 2012"]
[Site "Samara"]
[Date "2012.07.09"]
[Round "5.42"]
[White "Sazonova, Anastasia"]
[Black "Velichko, Artemy"]
[Result "1-0"]
[WhiteElo "1939"]
[BlackElo "1761"]
[PlyCount "113"]
[EventDate "2012.07.05"]

1. e4 e6 2. Nf3 d5 3. Nc3 d4 4. Ne2 c5 5. c3 Nf6 6. cxd4 cxd4 7. e5 Nfd7 8.
Nexd4 Nxe5 9. Bb5+ Nec6 10. Nxc6 Nxc6 11. O-O Bd7 12. d4 Be7 13. Bd2 Qb6 14.
Qb3 O-O 15. Bc3 a6 16. Bc4 Qxb3 17. Bxb3 Na7 18. Ne5 Bc6 19. f4 Rad8 20. Rad1
Bd5 21. Ba5 Rc8 22. Bxd5 exd5 23. Nd7 Rfe8 24. Nb6 Rc2 25. Bc3 Ba3 26. Rfe1 Rd8
27. Na4 Bd6 28. Nc5 Bxc5 29. dxc5 h6 30. Re7 Nb5 31. Ba5 Rc8 32. a4 Na7 33. Bb6
Nc6 34. Rxb7 Rxb2 35. Kf1 Na5 36. Re7 Nc4 37. Re2 Rb3 38. Rxd5 Ne3+ 39. Rxe3
Rxe3 40. c6 Ree8 41. c7 Kf8 42. Kf2 g6 43. Kf3 Kg7 44. g3 Kg8 45. g4 Kg7 46.
Rd8 Kg8 47. Rxc8 Rxc8 48. Ke4 Kf8 49. Kd5 Ke7 50. Kc6 f5 51. h3 h5 52. g5 Ke6
53. Bd4 Ke7 54. Bf6+ Ke6 55. Bd8 h4 56. a5 Kf7 57. Kd7 1-0

[Event "L. Polugaevsky Memorial 2012"]
[Site "Samara"]
[Date "2012.07.09"]
[Round "5.43"]
[White "Strunin, Anton"]
[Black "Kalashnikova, Elena"]
[Result "1/2-1/2"]
[WhiteElo "1889"]
[BlackElo "1706"]
[PlyCount "89"]
[EventDate "2012.07.05"]

1. d4 d5 2. c4 e6 3. Nf3 Nf6 4. Nc3 c6 5. cxd5 exd5 6. Bg5 Be7 7. Qc2 Be6 8. e3
Nbd7 9. Bd3 h6 10. Bf4 Nh5 11. Be5 Nxe5 12. dxe5 g5 13. Nd4 Ng7 14. f4 gxf4 15.
exf4 Qb6 16. Nxe6 Nxe6 17. Rf1 Bb4 18. f5 Qe3+ 19. Qe2 Qxe2+ 20. Kxe2 Nc5 21.
a3 Nxd3 22. Kxd3 Ba5 23. b4 Bc7 24. Rae1 O-O-O 25. Re2 Rde8 26. Rfe1 Rhg8 27.
f6 Re6 28. Na4 b6 29. Kd4 Rg4+ 30. Kd3 a5 31. Rb1 axb4 32. axb4 Rxe5 33. Nxb6+
Kb7 34. Rxe5 Bxe5 35. Nd7 Bxh2 36. Nc5+ Kc7 37. Re1 Bd6 38. Re2 Rf4 39. Re7+
Bxe7 40. fxe7 Re4 41. Nxe4 dxe4+ 42. Kxe4 Kd7 43. Kf5 Kxe7 44. Ke5 h5 45. Kf5
1/2-1/2

[Event "L. Polugaevsky Memorial 2012"]
[Site "Samara"]
[Date "2012.07.09"]
[Round "5.48"]
[White "Jurkina, Yulia"]
[Black "Loginov, Ilya"]
[Result "1-0"]
[WhiteElo "1999"]
[BlackElo "1740"]
[PlyCount "151"]
[EventDate "2012.07.05"]

1. e4 c6 2. d4 d5 3. exd5 cxd5 4. Bd3 Nc6 5. c3 Qc7 6. Nf3 Nf6 7. Qe2 Bg4 8.
Nbd2 e6 9. h3 Bh5 10. O-O Bd6 11. Re1 O-O 12. Qd1 Rfe8 13. Be2 Bg6 14. Nf1 h6
15. Be3 Na5 16. Bd3 Bxd3 17. Qxd3 Nc4 18. Rab1 Nxe3 19. Nxe3 a5 20. Ng4 Nxg4
21. hxg4 g5 22. Ne5 Bxe5 23. Rxe5 Qe7 24. Rbe1 Qd7 25. Qe3 Ra6 26. Qh3 Kg7 27.
Qd3 f6 28. R5e3 Qc7 29. Qb5 Qc6 30. Qe2 Qc4 31. Qxc4 dxc4 32. b3 cxb3 33. axb3
Rb6 34. c4 Rd6 35. Re4 b6 36. f3 Kf7 37. d5 Re7 38. Kf2 Re8 39. g3 Re7 40. R1e3
Re8 41. Ke2 b5 42. Kd3 a4 43. Rxe6 bxc4+ 44. Kxc4 Rc8+ 45. Kd4 Rxe6 46. dxe6+
Ke7 47. bxa4 Ra8 48. Ra3 Kxe6 49. a5 Kd6 50. a6 Ra7 51. Ke4 Ke6 52. Ra5 Ke7 53.
Kf5 Kf7 54. f4 gxf4 55. gxf4 Kg7 56. Ke6 Kg6 57. f5+ Kg5 58. Ra4 Ra8 59. a7
Re8+ 60. Kf7 Ra8 61. Kg7 h5 62. gxh5 Kxh5 63. Kxf6 Rf8+ 64. Ke7 Ra8 65. Kd7 Kg5
66. Ra5 Rxa7+ 67. Rxa7 Kxf5 68. Ra4 Kg6 69. Ke6 Kg5 70. Rb4 Kg6 71. Rg4+ Kh5
72. Kf5 Kh6 73. Rg1 Kh7 74. Kf6 Kh8 75. Kf7 Kh7 76. Rh1# 1-0

[Event "L. Polugaevsky Memorial 2012"]
[Site "Samara"]
[Date "2012.07.09"]
[Round "5.50"]
[White "Alieva, Viktoria"]
[Black "Vdovin, Maxim"]
[Result "0-1"]
[WhiteElo "1443"]
[BlackElo "1752"]
[PlyCount "94"]
[EventDate "2012.07.05"]

1. e4 c5 2. Nf3 d6 3. d4 cxd4 4. Nxd4 Nf6 5. Nc3 g6 6. Bc4 Bg7 7. O-O O-O 8.
Be3 Ng4 9. h3 Nxe3 10. fxe3 Nc6 11. Qd2 Ne5 12. Bb3 Bd7 13. Nf3 b5 14. Nxe5
Bxe5 15. a3 e6 16. Rad1 Qb6 17. Kh1 a5 18. Nb1 a4 19. Ba2 Rac8 20. c3 Bc6 21.
Qd3 Bb7 22. Rf3 Ba6 23. Qc2 Rc7 24. Qf2 Re7 25. Nd2 Qc5 26. Rf1 Qc8 27. Rd1 Qc7
28. g4 Kg7 29. h4 Bb7 30. h5 d5 31. exd5 exd5 32. Rh3 d4+ 33. Kg1 dxe3 34. h6+
Kg8 35. Rxe3 {%07-1005843420} Bh2+ 36. Kf1 Rxe3 37. Qxe3 Qf4+ 38. Qf2 Bg3 39.
Qxf4 Bxf4 40. Kf2 Rd8 41. Ke1 Bxh6 42. b4 Bg7 43. Nb1 Rxd1+ 44. Kxd1 Bf3+ 45.
Kc1 Bxg4 46. Bd5 Bf5 47. Nd2 Bxc3 0-1

[Event "L. Polugaevsky Memorial 2012"]
[Site "Samara"]
[Date "2012.07.10"]
[Round "6.4"]
[White "Maletin, Pavel"]
[Black "Kopylov, Alexander A"]
[Result "1/2-1/2"]
[WhiteElo "2596"]
[BlackElo "2446"]
[PlyCount "88"]
[EventDate "2012.07.05"]

1. d4 Nf6 2. c4 e6 3. Nc3 c5 4. d5 exd5 5. cxd5 d6 6. Nf3 g6 7. Bf4 a6 8. a4
Bg7 9. h3 O-O 10. e3 Qe7 11. Be2 Nbd7 12. O-O Rb8 13. a5 Ne8 14. Nd2 Ne5 15.
Qc2 f5 16. Bg3 Nf6 17. Rfe1 Re8 18. f4 Nf7 19. Nc4 Bd7 20. Bd3 Ne4 21. Bh2 Nxc3
22. bxc3 Bb5 23. Rac1 Qc7 24. Ra1 Bxc4 25. Bxc4 b5 26. axb6 Rxb6 27. Bg3 Reb8
28. Ra2 a5 29. Kh2 Qd8 30. Rea1 Qe7 31. Qd3 Qe4 32. Qxe4 fxe4 33. Be1 Rb1 34.
Rxb1 Rxb1 35. Bd2 h5 36. g3 Nh6 37. Rxa5 Nf5 38. Ra2 g5 39. g4 gxf4 40. exf4
hxg4 41. hxg4 e3 42. gxf5 exd2 43. Rxd2 Bxc3 44. Re2 Rb2 1/2-1/2

[Event "L. Polugaevsky Memorial 2012"]
[Site "Samara"]
[Date "2012.07.10"]
[Round "6.7"]
[White "Nakhapetiane, Pogos"]
[Black "Gabrielian, Artur"]
[Result "1-0"]
[WhiteElo "2497"]
[BlackElo "2594"]
[PlyCount "73"]
[EventDate "2012.07.05"]

1. e4 c5 2. Nf3 d6 3. d4 cxd4 4. Nxd4 Nf6 5. Nc3 a6 6. h3 e6 7. g4 Be7 8. g5
Nfd7 9. Be3 b5 10. a3 Bb7 11. Qd2 Nc6 12. h4 O-O 13. O-O-O Nxd4 14. Qxd4 Ne5
15. f4 Nc6 16. Qb6 Qc8 17. Bf2 Rb8 18. h5 d5 19. exd5 b4 20. h6 bxc3 21. hxg7
Ba8 22. Qe3 Rxb2 23. Qxc3 Bxa3 24. Qxa3 Rxc2+ 25. Kb1 Rd8 26. Bc5 Rxc5 27. Qxc5
Qb8+ 28. Ka1 Qxf4 29. Bd3 Rb8 30. Bxh7+ Kxg7 31. Qc3+ e5 32. Bc2 Nd4 33. Qc7
Rf8 34. Rh7+ Kg8 35. g6 Nxc2+ 36. Qxc2 f5 37. d6 1-0

[Event "L. Polugaevsky Memorial 2012"]
[Site "Samara"]
[Date "2012.07.10"]
[Round "6.8"]
[White "Kabanov, Nikolai"]
[Black "Shomoev, Anton"]
[Result "1-0"]
[WhiteElo "2496"]
[BlackElo "2582"]
[PlyCount "51"]
[EventDate "2012.07.05"]

1. e4 c5 2. Nf3 d6 3. c3 Nf6 4. h3 Nc6 5. Bd3 d5 6. e5 Nd7 7. Bb5 Qa5 8. Bxc6
bxc6 9. d3 Nb6 10. O-O c4 11. dxc4 dxc4 12. Re1 Qd5 13. Nbd2 g5 14. Nxg5 Rg8
15. Qh5 Bf5 16. Nf1 h6 17. Ne3 Rxg5 18. Nxd5 Rxh5 19. Nc7+ Kd7 20. Nxa8 Nxa8
21. g4 Rxh3 22. gxf5 Rf3 23. e6+ Kd6 24. Be3 Nc7 25. Rad1+ Nd5 26. b3 1-0

[Event "L. Polugaevsky Memorial 2012"]
[Site "Samara"]
[Date "2012.07.10"]
[Round "6.9"]
[White "Mokshanov, Alexey"]
[Black "Geller, Jakov"]
[Result "1/2-1/2"]
[WhiteElo "2413"]
[BlackElo "2555"]
[PlyCount "87"]
[EventDate "2012.07.05"]

1. e4 c5 2. Nf3 e6 3. c3 d5 4. exd5 exd5 5. Bb5+ Bd7 6. Bxd7+ Nxd7 7. d4 Ngf6
8. O-O Be7 9. Bg5 O-O 10. Nbd2 h6 11. Bxf6 Bxf6 12. dxc5 Nxc5 13. Nb3 Na4 14.
Qc2 Rc8 15. Rad1 b5 16. Nbd4 a6 17. Nf5 Qd7 18. Ne3 Nb6 19. Qb3 Rfd8 20. Rd3
Rc5 21. Rfd1 Qc6 22. Nd4 Qc8 23. Ne2 Qc6 24. Nf4 d4 25. cxd4 Rc1 26. Rxc1 Qxc1+
27. Rd1 Qc6 28. Ne2 Bg5 29. Ng3 g6 30. Qd3 Nd5 31. Nxd5 Qxd5 32. b3 Re8 33. Qc2
h5 34. h3 Bf4 35. Ne2 Bb8 36. Kf1 Bd6 37. Rc1 Qe6 38. Qd3 Ba3 39. Rd1 Rc8 40.
Rd2 Qc6 41. d5 Qd6 42. Kg1 Bb4 43. Rd1 Qe5 44. a4 1/2-1/2

[Event "L. Polugaevsky Memorial 2012"]
[Site "Samara"]
[Date "2012.07.10"]
[Round "6.11"]
[White "Predke, Alexandr"]
[Black "Shaposhnikov, Evgeny"]
[Result "1-0"]
[WhiteElo "2464"]
[BlackElo "2545"]
[PlyCount "99"]
[EventDate "2012.07.05"]

1. d4 Nf6 2. c4 e6 3. Nc3 Bb4 4. e3 c5 5. Nge2 cxd4 6. exd4 d5 7. a3 Be7 8. Nf4
dxc4 9. Bxc4 O-O 10. O-O Nc6 11. Be3 Bd6 12. Nh5 Be7 13. Nf4 Bd6 14. Nh5 Be7
15. d5 Ne5 16. Ba2 Nxd5 17. Bd4 Nxc3 18. Bxc3 f6 19. Nf4 Qxd1 20. Raxd1 Kf7 21.
Rfe1 Rd8 22. Rxd8 Bxd8 23. Bxe5 fxe5 24. Rxe5 Bc7 25. Re4 Bxf4 26. Rxf4+ Ke7
27. Rg4 Kf6 28. Rf4+ Ke7 29. Rg4 Kf6 30. Rd4 Ke7 31. Bb1 h6 32. Rg4 g5 33. h4
e5 34. Rg3 Kf6 35. Rf3+ Ke7 36. Rc3 Kd6 37. Rg3 g4 38. Rd3+ Ke7 39. Rd5 Be6 40.
Rxe5 Kd6 41. Re2 Rc8 42. Kh2 Rc1 43. Bg6 a5 44. Kg3 b5 45. Kf4 Rg1 46. g3 Rd1
47. Bf5 Bc4 48. Re8 Rf1 49. Rd8+ Ke7 50. Rd2 1-0

[Event "L. Polugaevsky Memorial 2012"]
[Site "Samara"]
[Date "2012.07.10"]
[Round "6.12"]
[White "Ovetchkin, Roman"]
[Black "Bochkarev, Alexey"]
[Result "1-0"]
[WhiteElo "2501"]
[BlackElo "2410"]
[PlyCount "49"]
[EventDate "2012.07.05"]

1. d4 d5 2. Nf3 e6 3. c4 c6 4. Qc2 f5 5. Bf4 Nf6 6. e3 Be7 7. Nc3 Ne4 8. Bd3
Nd7 9. g4 Nxc3 10. bxc3 fxg4 11. Bxh7 Rxh7 12. Qg6+ Kf8 13. Qxh7 gxf3 14. Rg1
Bf6 15. Qh8+ Kf7 16. Rxg7+ Bxg7 17. Qxd8 Bf6 18. Qc7 Ke8 19. Bg3 e5 20. O-O-O
Nb6 21. Bxe5 Be7 22. c5 Nc4 23. Rg1 Be6 24. Rg7 Bd8 25. Qxb7 1-0